000 00382nam a22001337a 4500
008 240220b |||||||| |||| 00| 0 eng d
020 _a9780140097054
082 _aA-N
_bAUSI
100 _aAuster, Paul
_eautor
_943461
245 _aIn the country of last things /
_cPaul Auster
260 _aUnited states:
_bPenguin books,
_c1988
300 _a188 páginas;
_c20 cm.
942 _2ddc
999 _c30650
_d17034